[Event "46. Villa de Mislata - Open C 2012"]
[Site "Mislata ESP"]
[Date "2012.08.14"]
[Round "3.5"]
[White "Soler Nadal, Jose Antonio"]
[Black "Magan Gonzalez, Alberto"]
[Result "1/2-1/2"]
[WhiteElo "1777"]
[BlackElo "1848"]
[PlyCount "67"]
[EventDate "2012.08.13"]
[EventType "tourn"]
[EventRounds "9"]
[EventCountry "ESP"]
[EventCategory "2"]
[Source "lmi"]
[SourceDate "2012.08.13"]

1. d4 Nf6 2. Bg5 Ne4 3. Bf4 d5 4. Nd2 Bf5 5. e3 e6 6. Bd3 Bd6 7. Bxe4 Bxe4 8.
Nxe4 dxe4 9. Ne2 O-O 10. O-O Nc6 11. c3 Qe7 12. Qc2 f5 13. f3 exf3 14. Rxf3 e5
15. Bg3 e4 16. Bxd6 Qxd6 17. Rf2 Kh8 18. Raf1 Ne7 19. g4 g6 20. g5 Nd5 21. Qd2
a5 22. Nf4 Nxf4 23. Rxf4 Rg8 24. h4 Qe7 25. c4 Qb4 26. R1f2 Qxd2 27. Rxd2 h6
28. Kg2 h5 29. Kg3 Kg7 30. Rf1 Rgd8 31. Kf4 Rd6 32. Rdd1 Rad8 33. b3 c5 34. d5
1/2-1/2

[Event "46. Villa de Mislata - Open C 2012"]
[Site "Mislata ESP"]
[Date "2012.08.14"]
[Round "3.6"]
[White "Davidovas Chananovas, Norman"]
[Black "Garcia Peinado, Borja"]
[Result "1-0"]
[WhiteElo "1838"]
[BlackElo "1774"]
[PlyCount "87"]
[EventDate "2012.08.13"]
[EventType "tourn"]
[EventRounds "9"]
[EventCountry "ESP"]
[EventCategory "2"]
[Source "lmi"]
[SourceDate "2012.08.13"]

1. e4 b6 2. d4 Bb7 3. Nd2 e6 4. Ngf3 d6 5. Bd3 Nd7 6. c4 Ngf6 7. Qc2 c5 8. d5
g6 9. b3 Bg7 10. Bb2 O-O 11. O-O Ng4 12. Bxg7 Kxg7 13. h3 Nge5 14. Qc3 Kg8 15.
Rad1 Nxd3 16. Qxd3 e5 17. Nh2 a6 18. f4 exf4 19. Rxf4 Ne5 20. Qg3 Bc8 21. Rdf1
b5 22. Ndf3 bxc4 23. Nxe5 dxe5 24. Rf6 cxb3 25. Qxb3 a5 26. Qc3 Bf5 27. R1xf5
gxf5 28. Qg3+ Kh8 29. Qxe5 Qb8 30. Qxf5 c4 31. Rh6 Qa7+ 32. Kh1 f6 33. Ng4 Qg7
34. Rxf6 Rxf6 35. Nxf6 Rf8 36. e5 c3 37. Qc2 Rc8 38. d6 Qg6 39. d7 Rb8 40. Qxc3
Qf5 41. e6 Kg7 42. e7 Rb4 43. Kh2 Kh6 44. Qe3+ 1-0

[Event "46. Villa de Mislata - Open C 2012"]
[Site "Mislata ESP"]
[Date "2012.08.14"]
[Round "3.7"]
[White "Cerdan Herraez, Manuel Vicente"]
[Black "Arambul Ripolles, Javier"]
[Result "1-0"]
[WhiteElo "1830"]
[BlackElo "1728"]
[PlyCount "205"]
[EventDate "2012.08.13"]
[EventType "tourn"]
[EventRounds "9"]
[EventCountry "ESP"]
[EventCategory "2"]
[Source "lmi"]
[SourceDate "2012.08.13"]

1. e4 e5 2. Nf3 Nc6 3. Bb5 a6 4. Bxc6 dxc6 5. d4 Bg4 6. dxe5 Qxd1+ 7. Kxd1
O-O-O+ 8. Ke2 Re8 9. Bf4 f6 10. h3 Bxf3+ 11. gxf3 fxe5 12. Be3 Bd6 13. Nd2 Ne7
14. Rhd1 Ng6 15. Nc4 Re6 16. h4 Rf8 17. h5 Nf4+ 18. Bxf4 Rxf4 19. Rg1 Ref6 20.
Nd2 Bf8 21. Rg4 Kd7 22. Rxf4 Rxf4 23. Rg1 Ke6 24. Rh1 Be7 25. Nf1 Rh4 26. Rxh4
Bxh4 27. Ng3 c5 28. Nf5 Bf6 29. c4 c6 30. b3 b5 31. a4 g6 32. hxg6 hxg6 33. Ne3
Be7 34. Nd1 Kd6 35. Kd3 Kc7 36. Nc3 b4 37. Nd1 Kd6 38. Ke2 Ke6 39. Ne3 Bg5 40.
Ng4 Kd6 41. Kf1 Ke6 42. Kg2 Bf4 43. Kh3 Kf7 44. Ne3 Kf6 45. Ng2 Kg5 46. Ne3 Kf6
47. Kg4 a5 48. Ng2 Bd2 49. Ne3 Be1 50. Kg3 Kg5 51. Ng4 Bc3 52. Kg2 Bd4 53. Kf1
Bc3 54. Ke2 Bd4 55. Ne3 Kf4 56. Ng2+ Kg5 57. Kf1 Bc3 58. Kg1 Bd4 59. Ne1 Kf4
60. Kg2 Kg5 61. Kg3 Kf6 62. Nd3 Kg5 63. Kh3 Kh5 64. f4 exf4 65. Nxf4+ Kg5 66.
Nd3 Kf6 67. f4 Kf7 68. Kg4 Ke6 69. Kg5 Kf7 70. e5 Be3 71. Kg4 Ke6 72. Kf3 Bg1
73. Ke4 Bd4 74. Ne1 Bf2 75. Nf3 Ke7 76. f5 gxf5+ 77. Kxf5 Be3 78. e6 Bd4 79.
Ne5 Kd6 80. Nd7 Ke7 81. Nb6 Kd8 82. Na8 Ke7 83. Nb6 Ke8 84. Nd7 Ke7 85. Ne5 Kd6
86. Ng6 Bc3 87. e7 Kd7 88. e8=Q+ Kxe8 89. Ke6 Bd4 90. Ne7 Kd8 91. Nxc6+ Kc7 92.
Kd5 Bf2 93. Nxa5 Kb6 94. Nc6 Be3 95. Ne5 Kc7 96. a5 Bh6 97. Nd3 Bf8 98. Nxc5
Bd6 99. Na6+ Kd7 100. c5 Bg3 101. Nxb4 Be1 102. Nc6 Kc7 103. b4 1-0

[Event "46. Villa de Mislata - Open C 2012"]
[Site "Mislata ESP"]
[Date "2012.08.14"]
[Round "3.8"]
[White "Ramroth, Hans Peter"]
[Black "Aupi Royo, Juan Ignacio"]
[Result "0-1"]
[WhiteElo "1770"]
[BlackElo "1822"]
[PlyCount "81"]
[EventDate "2012.08.13"]
[EventType "tourn"]
[EventRounds "9"]
[EventCountry "ESP"]
[EventCategory "2"]
[Source "lmi"]
[SourceDate "2012.08.13"]

1. e4 d6 2. Nc3 g6 3. Bc4 Bg7 4. d4 Nf6 5. Nf3 O-O 6. Qe2 c6 7. Bd2 b5 8. Bb3
a5 9. a3 Ba6 10. Nd1 b4 11. Qe3 h5 12. axb4 Ng4 13. Qg5 d5 14. e5 Bh6 15. Qh4
Bxd2+ 16. Nxd2 axb4 17. h3 Nh6 18. g4 Qb6 19. c3 bxc3 20. bxc3 Kg7 21. Ne3 Nd7
22. Nf5+ Nxf5 23. gxf5 Bd3 24. Rc1 Bxf5 25. Rg1 e6 26. Qe7 Ra7 27. Qg5 Ra3 28.
Bd1 Qb2 29. Nf3 Rxc3 30. Rxc3 Qxc3+ 31. Kf1 Bxh3+ 32. Ke2 Ra8 33. Rg3 Ra2+ 34.
Nd2 Bf1+ 35. Ke1 Qxd4 36. Rf3 Qxd2+ 37. Qxd2 Rxd2 38. Kxd2 Nxe5 39. Rg3 Kh6 40.
Be2 Bxe2 41. Kxe2 0-1

[Event "46. Villa de Mislata - Open C 2012"]
[Site "Mislata ESP"]
[Date "2012.08.14"]
[Round "3.9"]
[White "Lopez Diaz, Rafael"]
[Black "Fernandez Lara, Vicente"]
[Result "1-0"]
[WhiteElo "1819"]
[BlackElo "1653"]
[PlyCount "82"]
[EventDate "2012.08.13"]
[EventType "tourn"]
[EventRounds "9"]
[EventCountry "ESP"]
[EventCategory "2"]
[Source "lmi"]
[SourceDate "2012.08.13"]

1. f4 d6 2. Nf3 g6 3. e3 Bg7 4. Be2 Nf6 5. d4 O-O 6. O-O c6 7. Bd2 Re8 8. Nc3
d5 9. Qe1 Bf5 10. Rc1 Ne4 11. Nxe4 dxe4 12. Ng5 h6 13. g4 Bc8 14. Nxe4 f5 15.
gxf5 Bxf5 16. Bc4+ e6 17. Nf2 g5 18. fxg5 Qxg5+ 19. Kh1 Qh5 20. Rg1 Kh8 21. Rg3
Rg8 22. e4 Bh7 23. Bxe6 Rf8 24. Qe3 Na6 25. d5 Nc7 26. Bg4 Qe8 27. dxc6 Qxc6
28. c4 Rae8 29. Bc3 Be5 30. Bxe5+ Rxe5 31. Qd4 Qc5 32. Qxc5 Rxc5 33. Bf3 Ne6
34. b4 Rc7 35. h4 Rcf7 36. Bg4 Rxf2 37. Bxe6 Bxe4+ 38. Kg1 Rxa2 39. b5 Rd8 40.
Re1 Bh7 41. Bd5 Rc2 1-0

[Event "46. Villa de Mislata - Open C 2012"]
[Site "Mislata ESP"]
[Date "2012.08.14"]
[Round "3.10"]
[White "Maseda Iglesias, Luis"]
[Black "Gil Juan, German"]
[Result "0-1"]
[WhiteElo "1768"]
[BlackElo "1860"]
[PlyCount "66"]
[EventDate "2012.08.13"]
[EventType "tourn"]
[EventRounds "9"]
[EventCountry "ESP"]
[EventCategory "2"]
[Source "lmi"]
[SourceDate "2012.08.13"]

1. d4 Nf6 2. Nf3 e6 3. e3 d5 4. Bd3 Bd6 5. O-O O-O 6. Nbd2 c5 7. b3 Nc6 8. Bb2
Nb4 9. Be2 cxd4 10. exd4 Qc7 11. c4 Nc6 12. Rc1 Qe7 13. c5 Bc7 14. a3 Nh5 15.
Re1 Nf4 16. Bf1 Qf6 17. Ne5 Nxe5 18. dxe5 Qg5 19. Kh1 Ng6 20. Nf3 Qe7 21. b4
Bd7 22. b5 Rfc8 23. Qb3 Ba5 24. Bc3 Bxc3 25. Qxc3 Rc7 26. Nd4 Rac8 27. Nb3 Qh4
28. Qe3 Qa4 29. c6 bxc6 30. Nc5 d4 31. Qg3 Qa5 32. Nb7 Rxb7 33. bxc6 Rxc6 0-1

[Event "46. Villa de Mislata - Open C 2012"]
[Site "Mislata ESP"]
[Date "2012.08.15"]
[Round "4.1"]
[White "Cebrian Flores, Juan Antonio"]
[Black "Cerdan Herraez, Manuel Vicente"]
[Result "0-1"]
[WhiteElo "1888"]
[BlackElo "1830"]
[PlyCount "109"]
[EventDate "2012.08.13"]
[EventType "tourn"]
[EventRounds "9"]
[EventCountry "ESP"]
[EventCategory "2"]
[Source "lmi"]
[SourceDate "2012.08.13"]

1. d4 d5 2. Nf3 Nc6 3. Bf4 Nf6 4. h3 Bf5 5. e3 e6 6. Be2 Bd6 7. Ne5 Bxe5 8.
dxe5 Nd7 9. Bb5 Nb4 10. Na3 a6 11. Bxd7+ Qxd7 12. O-O c5 13. Qe2 b5 14. Rfd1
Qc7 15. Bh2 Nc6 16. f4 b4 17. Nb1 O-O 18. Nd2 c4 19. Nf3 h6 20. b3 c3 21. a4 a5
22. Rf1 Qb6 23. Kh1 Rfd8 24. Bg1 Be4 25. Rad1 Rd7 26. Nd4 Nxd4 27. exd4 Rf8 28.
Be3 f5 29. exf6 Rxf6 30. Kh2 Rdf7 31. Rf2 Qc7 32. Kg1 Kh7 33. h4 Qd8 34. g4 Rg6
35. h5 Rgf6 36. Rdf1 Rf8 37. g5 hxg5 38. fxg5 Rxf2 39. g6+ Kg8 40. Rxf2 Rxf2
41. Qxf2 Qf6 42. Qh2 e5 43. dxe5 Qf3 44. Bb6 Qd1+ 45. Kf2 Qxc2+ 46. Kg3 Qxh2+
47. Kxh2 Bf3 48. h6 gxh6 49. Be3 Kg7 50. Kg3 Be4 51. Kh4 Bxg6 52. e6 c2 53. e7
h5 54. Kg5 Be8 55. Kf5 0-1

[Event "46. Villa de Mislata - Open C 2012"]
[Site "Mislata ESP"]
[Date "2012.08.15"]
[Round "4.2"]
[White "Aupi Royo, Juan Ignacio"]
[Black "Davidovas Chananovas, Norman"]
[Result "0-1"]
[WhiteElo "1822"]
[BlackElo "1838"]
[PlyCount "74"]
[EventDate "2012.08.13"]
[EventType "tourn"]
[EventRounds "9"]
[EventCountry "ESP"]
[EventCategory "2"]
[Source "lmi"]
[SourceDate "2012.08.13"]

1. d4 Nf6 2. Nf3 g6 3. Bf4 Bg7 4. e3 O-O 5. h3 d6 6. Bh2 c5 7. dxc5 Qa5+ 8. c3
Qxc5 9. Be2 Be6 10. O-O Qb6 11. Qc2 Nc6 12. Nd4 Nxd4 13. exd4 Rfc8 14. Rd1 a5
15. Bf3 Nd7 16. Qd2 Qc7 17. Bf4 Rab8 18. d5 Bf5 19. g4 Bxb1 20. Raxb1 b5 21.
Be3 Ne5 22. Bg2 Nc4 23. Qe2 Qb7 24. Bd4 Bf8 25. a3 b4 26. axb4 axb4 27. b3 Na3
28. Ra1 Nb5 29. cxb4 Nxd4 30. Rxd4 Bg7 31. Rad1 Bxd4 32. Rxd4 Rc1+ 33. Kh2 Rbc8
34. Re4 R8c7 35. b5 R1c2 36. Qe3 R2c3 37. Qd4 Rxb3 0-1

[Event "46. Villa de Mislata - Open C 2012"]
[Site "Mislata ESP"]
[Date "2012.08.15"]
[Round "4.3"]
[White "Harutyunyan, Tigran"]
[Black "Lopez Diaz, Rafael"]
[Result "1-0"]
[WhiteElo "1885"]
[BlackElo "1819"]
[PlyCount "74"]
[EventDate "2012.08.13"]
[EventType "tourn"]
[EventRounds "9"]
[EventCountry "ESP"]
[EventCategory "2"]
[Source "lmi"]
[SourceDate "2012.08.13"]

1. d4 f5 2. g3 Nf6 3. Bg2 e6 4. Nc3 Bb4 5. Bd2 d6 6. Nf3 Nbd7 7. a3 Bxc3 8.
Bxc3 Ne4 9. Qd3 Ndf6 10. Nd2 Nxc3 11. Qxc3 d5 12. f3 O-O 13. O-O Bd7 14. Rae1
Bc6 15. h3 Nh5 16. Kh2 Rf6 17. Rg1 Rg6 18. Bh1 Qd6 19. f4 Nxf4 20. Qf3 Nxh3 21.
Kxh3 h5 22. Qf4 Qe7 23. Bf3 Rh6 24. Bh1 g5 25. Qf2 Rf8 26. Kh2 h4 27. Kg2 Qd6
28. Nf3 h3+ 29. Kh2 g4 30. Ne5 b5 31. Qf4 Rh7 32. Rc1 a5 33. b3 b4 34. a4 Bb7
35. e3 c5 36. Ng6 Qb6 37. Nxf8 Kxf8 1-0

[Event "46. Villa de Mislata - Open C 2012"]
[Site "Mislata ESP"]
[Date "2012.08.15"]
[Round "4.4"]
[White "Cortes Ruiz, Javier"]
[Black "Pradas Soria, Ernesto"]
[Result "1-0"]
[WhiteElo "1892"]
[BlackElo "1823"]
[PlyCount "57"]
[EventDate "2012.08.13"]
[EventType "tourn"]
[EventRounds "9"]
[EventCountry "ESP"]
[EventCategory "2"]
[Source "lmi"]
[SourceDate "2012.08.13"]

1. e4 c5 2. Nf3 d6 3. d4 cxd4 4. Qxd4 Nc6 5. Bb5 Bd7 6. Bxc6 Bxc6 7. Nc3 Nf6 8.
Bg5 e6 9. O-O-O Be7 10. Rhe1 O-O 11. Qd2 h6 12. Bh4 Nxe4 13. Rxe4 Bxh4 14. Rg4
Bxf3 15. gxf3 Bg5 16. f4 f5 17. Rg2 Bf6 18. Rdg1 g5 19. fxg5 hxg5 20. f4 g4 21.
h3 Kf7 22. hxg4 fxg4 23. Rxg4 Qb6 24. Qd3 Ke7 25. Re1 Kd7 26. Qh7+ Kc6 27. Qe4+
Kd7 28. Qxe6+ Kd8 29. Rg8 1-0

[Event "46. Villa de Mislata - Open C 2012"]
[Site "Mislata ESP"]
[Date "2012.08.15"]
[Round "4.5"]
[White "Rull Costa, Baltasar"]
[Black "Santandreu Gregori, David"]
[Result "0-1"]
[WhiteElo "1797"]
[BlackElo "1890"]
[PlyCount "70"]
[EventDate "2012.08.13"]
[EventType "tourn"]
[EventRounds "9"]
[EventCountry "ESP"]
[EventCategory "2"]
[Source "lmi"]
[SourceDate "2012.08.13"]

1. e4 d5 2. exd5 Nf6 3. Nc3 Nxd5 4. d4 c6 5. Nf3 Bg4 6. Be2 e6 7. O-O Nxc3 8.
bxc3 Bd6 9. a4 Nd7 10. Ba3 Nf6 11. Bxd6 Qxd6 12. Ne5 Bxe2 13. Qxe2 O-O 14. Rfb1
Rab8 15. Rb3 Nd5 16. Rab1 b5 17. c4 Nf4 18. Qf3 bxa4 19. Rxb8 Rxb8 20. Rxb8+
Qxb8 21. h3 f6 22. Nd7 Qd6 23. Nc5 Qxd4 24. Qxc6 Ne2+ 25. Kh2 Qf4+ 26. g3 Qxf2+
27. Qg2 Qxc5 28. Qxe2 e5 29. Qd3 Qd4 30. Qa3 Qd2+ 31. Kh1 Qd1+ 32. Kg2 Qxc2+
33. Kh1 Qd1+ 34. Kh2 Qe2+ 35. Kh1 Qxc4 0-1

[Event "46. Villa de Mislata - Open C 2012"]
[Site "Mislata ESP"]
[Date "2012.08.15"]
[Round "4.6"]
[White "Gil Juan, German"]
[Black "Portillo Torrente, Manuel"]
[Result "1-0"]
[WhiteElo "1860"]
[BlackElo "1794"]
[PlyCount "89"]
[EventDate "2012.08.13"]
[EventType "tourn"]
[EventRounds "9"]
[EventCountry "ESP"]
[EventCategory "2"]
[Source "lmi"]
[SourceDate "2012.08.13"]

1. d4 d5 2. Bf4 Nf6 3. e3 e6 4. Nf3 Nbd7 5. c3 c5 6. Nbd2 a6 7. Bd3 Qb6 8. Rb1
Bd6 9. Ne5 Qc7 10. Ndf3 h6 11. O-O O-O 12. Re1 c4 13. Bc2 Nh5 14. Nxd7 Bxd7 15.
Ne5 Nxf4 16. exf4 f5 17. Re3 Rf6 18. Qe2 Re8 19. Re1 Bc8 20. Qh5 Ref8 21. R1e2
Bd7 22. Qf3 Be8 23. g3 Qa5 24. Bb1 Qc7 25. Qg2 Bxe5 26. Rxe5 Bf7 27. Qf1 Qd7
28. R2e3 Bh5 29. Qe1 Bf7 30. Kg2 Re8 31. Qd1 b5 32. Qc2 h5 33. Re1 Bg6 34. Qd2
Bf7 35. h3 Rg6 36. f3 Rh6 37. Qe3 Rf6 38. g4 fxg4 39. fxg4 Bg6 40. f5 exf5 41.
Rxe8+ Bxe8 42. Qxe8+ Qxe8 43. Rxe8+ Kf7 44. Re5 fxg4 45. hxg4 1-0

[Event "46. Villa de Mislata - Open C 2012"]
[Site "Mislata ESP"]
[Date "2012.08.15"]
[Round "4.7"]
[White "Pallas I Garrido, Ernest Josep"]
[Black "Maronda Escriva, Ivan"]
[Result "1-0"]
[WhiteElo "1808"]
[BlackElo "1852"]
[PlyCount "65"]
[EventDate "2012.08.13"]
[EventType "tourn"]
[EventRounds "9"]
[EventCountry "ESP"]
[EventCategory "2"]
[Source "lmi"]
[SourceDate "2012.08.13"]

1. e4 c6 2. d4 d5 3. e5 c5 4. c3 Nc6 5. Nf3 Bg4 6. Be2 e6 7. O-O Nh6 8. Nbd2
cxd4 9. cxd4 Bb4 10. h3 Bxf3 11. Nxf3 Nf5 12. a3 Be7 13. b4 a6 14. Bb2 f6 15.
g4 Nh6 16. exf6 Bxf6 17. Re1 O-O 18. Bd3 Qe7 19. Bc2 Rae8 20. Qd3 g6 21. Re2
Nf7 22. Rae1 Ncd8 23. Bc1 Bg5 24. Bxg5 Nxg5 25. Nxg5 Qxg5 26. Re5 Qf6 27. Qe3
Qf4 28. Qxf4 Rxf4 29. Rxd5 Nc6 30. Rd7 Nxd4 31. Re4 Ref8 32. Rdxd4 Rxe4 33.
Bxe4 1-0

[Event "46. Villa de Mislata - Open C 2012"]
[Site "Mislata ESP"]
[Date "2012.08.15"]
[Round "4.8"]
[White "Magan Gonzalez, Alberto"]
[Black "Morant Gomar, Sergio"]
[Result "1-0"]
[WhiteElo "1848"]
[BlackElo "1782"]
[PlyCount "87"]
[EventDate "2012.08.13"]
[EventType "tourn"]
[EventRounds "9"]
[EventCountry "ESP"]
[EventCategory "2"]
[Source "lmi"]
[SourceDate "2012.08.13"]

1. e4 c5 2. Nf3 Nc6 3. d4 cxd4 4. Nxd4 Nf6 5. Nc3 e5 6. Ndb5 d6 7. Bg5 a6 8.
Na3 b5 9. Nd5 Be7 10. Bxf6 Bxf6 11. c3 Be6 12. Nc2 Bg5 13. Be2 O-O 14. O-O f5
15. exf5 Bxf5 16. Nce3 Be6 17. Bg4 Bc8 18. a4 Bxg4 19. Qxg4 Bxe3 20. fxe3 bxa4
21. Rxf8+ Qxf8 22. Rf1 Qd8 23. Qxa4 Ne7 24. Qc4 Kh8 25. Nxe7 Qxe7 26. Qf7 Qd8
27. Rf3 Rb8 28. b3 a5 29. c4 Qg8 30. Qxg8+ Kxg8 31. e4 Rb4 32. Rd3 Rb6 33. Kf2
Kf7 34. Ke2 Ke6 35. Kd2 Ra6 36. Kc2 Kd7 37. Kb2 Rc6 38. Ka3 Kc7 39. Ka4 Rc5 40.
Rg3 g6 41. Rh3 h5 42. Rg3 Kd7 43. Rxg6 Rc8 44. Kxa5 1-0

[Event "46. Villa de Mislata - Open C 2012"]
[Site "Mislata ESP"]
[Date "2012.08.15"]
[Round "4.9"]
[White "Lopez Palomar, Jose"]
[Black "Canton Sanchez, Adrian"]
[Result "0-1"]
[WhiteElo "1621"]
[BlackElo "1847"]
[PlyCount "94"]
[EventDate "2012.08.13"]
[EventType "tourn"]
[EventRounds "9"]
[EventCountry "ESP"]
[EventCategory "2"]
[Source "lmi"]
[SourceDate "2012.08.13"]

1. d4 Nf6 2. Bf4 g6 3. e3 Bg7 4. Nf3 O-O 5. Be2 b6 6. O-O Bb7 7. h3 d6 8. c4
Nbd7 9. Nc3 Re8 10. b4 a5 11. b5 e5 12. Bh2 exd4 13. exd4 Ne4 14. Nxe4 Bxe4 15.
Rc1 Rc8 16. Nd2 Qf6 17. Bg4 Bf5 18. Bxf5 Qxf5 19. Nf3 Re4 20. Qd3 Rce8 21. Bg3
Qf6 22. Rcd1 Bh6 23. Bh4 Rxh4 24. Nxh4 Qxh4 25. Rfe1 Rxe1+ 26. Rxe1 Kf8 27. Qe2
Qd8 28. Qe4 Bg7 29. a4 Nf6 30. Qh4 Qd7 31. d5 Qf5 32. Qg3 Kg8 33. Re7 Qc8 34.
Qe3 Kf8 35. Qe2 Kg8 36. g4 Bf8 37. Re3 h5 38. g5 Nh7 39. h4 Qf5 40. Kg2 f6 41.
gxf6 Nxf6 42. Rf3 Qg4+ 43. Kf1 Qxh4 44. Qe6+ Kg7 45. Qc8 Qxc4+ 46. Kg2 Qg4+ 47.
Rg3 Qxc8 0-1

[Event "46. Villa de Mislata - Open C 2012"]
[Site "Mislata ESP"]
[Date "2012.08.15"]
[Round "4.10"]
[White "Agraz, Munoz Ivan"]
[Black "Soler Nadal, Jose Antonio"]
[Result "0-1"]
[WhiteElo "1829"]
[BlackElo "1777"]
[PlyCount "52"]
[EventDate "2012.08.13"]
[EventType "tourn"]
[EventRounds "9"]
[EventCountry "ESP"]
[EventCategory "2"]
[Source "lmi"]
[SourceDate "2012.08.13"]

1. d4 c5 2. Nf3 cxd4 3. Nxd4 d5 4. g3 e5 5. Nf3 Nc6 6. Bg2 Nf6 7. O-O Be7 8. c4
dxc4 9. Qa4 Bd7 10. Qxc4 O-O 11. Rd1 Rc8 12. Nc3 Nd4 13. Qd3 Bf5 14. e4 Bg4 15.
h3 Nxf3+ 16. Bxf3 Qxd3 17. Rxd3 Bxh3 18. Bg5 Be6 19. Rad1 Bb4 20. Bxf6 Bxc3 21.
Bxg7 Kxg7 22. bxc3 Bxa2 23. Ra1 Bc4 24. Rdd1 Ba6 25. Rd7 Rfd8 26. Re7 Kf6 0-1

[Event "46. Villa de Mislata - Open C 2012"]
[Site "Mislata ESP"]
[Date "2012.08.16"]
[Round "5.1"]
[White "Davidovas Chananovas, Norman"]
[Black "Cerdan Herraez, Manuel Vicente"]
[Result "1-0"]
[WhiteElo "1838"]
[BlackElo "1830"]
[PlyCount "54"]
[EventDate "2012.08.13"]
[EventType "tourn"]
[EventRounds "9"]
[EventCountry "ESP"]
[EventCategory "2"]
[Source "lmi"]
[SourceDate "2012.08.13"]

1. e4 e5 2. Nf3 Nf6 3. d3 d6 4. h3 Nc6 5. c4 h6 6. a3 a5 7. Be3 Be7 8. Nc3 Bd7
9. Qc2 Na7 10. d4 exd4 11. Nxd4 Nc6 12. Bd3 Qc8 13. O-O-O Ne5 14. Be2 Be6 15.
f4 Nc6 16. g4 Nxd4 17. Bxd4 c5 18. Be3 Nh7 19. f5 Bd7 20. Nd5 Qc6 21. Nxe7 Kxe7
22. Bf4 Ng5 23. a4 Nh7 24. Bxd6+ Kd8 25. e5 Kc8 26. Qd3 Rd8 27. Bf3 Qa6 1-0

[Event "46. Villa de Mislata - Open C 2012"]
[Site "Mislata ESP"]
[Date "2012.08.16"]
[Round "5.2"]
[White "Magan Gonzalez, Alberto"]
[Black "Cortes Ruiz, Javier"]
[Result "0-1"]
[WhiteElo "1848"]
[BlackElo "1892"]
[PlyCount "64"]
[EventDate "2012.08.13"]
[EventType "tourn"]
[EventRounds "9"]
[EventCountry "ESP"]
[EventCategory "2"]
[Source "lmi"]
[SourceDate "2012.08.13"]

1. e4 c5 2. Nf3 Nc6 3. d4 cxd4 4. Nxd4 Nf6 5. Nc3 e5 6. Ndb5 d6 7. Bg5 a6 8.
Na3 b5 9. Nd5 Be7 10. Bxf6 Bxf6 11. c3 O-O 12. Nc2 Bg5 13. Be2 g6 14. g4 Ra7
15. Nce3 Kh8 16. Qd3 Ne7 17. Nxe7 Bxe7 18. O-O-O Be6 19. a3 Bb3 20. Rdf1 Bg5
21. Bd1 Bc4 22. Qc2 Bxf1 23. Rxf1 d5 24. Kb1 Bxe3 25. fxe3 Rc7 26. exd5 Qxd5
27. Bf3 Qe6 28. Qg2 Rd8 29. Rd1 Rcd7 30. Rxd7 Qxd7 31. Kc2 Qd3+ 32. Kb3 Qxe3
0-1

[Event "46. Villa de Mislata - Open C 2012"]
[Site "Mislata ESP"]
[Date "2012.08.16"]
[Round "5.3"]
[White "Santandreu Gregori, David"]
[Black "Soler Ollero, Guillermo"]
[Result "1-0"]
[WhiteElo "1890"]
[BlackElo "1825"]
[PlyCount "31"]
[EventDate "2012.08.13"]
[EventType "tourn"]
[EventRounds "9"]
[EventCountry "ESP"]
[EventCategory "2"]
[Source "lmi"]
[SourceDate "2012.08.13"]

1. d4 c5 2. c3 Nf6 3. Nf3 d5 4. Bf4 Bg4 5. Nbd2 e6 6. e3 Nc6 7. Qb3 Qd7 8. Bb5
a6 9. Ne5 Qc8 10. Bxc6+ bxc6 11. Qa4 Bd6 12. dxc5 Bxc5 13. Nb3 Bd6 14. Nxg4
Bxf4 15. Nxf6+ gxf6 16. Qxf4 1-0

[Event "46. Villa de Mislata - Open C 2012"]
[Site "Mislata ESP"]
[Date "2012.08.16"]
[Round "5.4"]
[White "Canton Sanchez, Adrian"]
[Black "Harutyunyan, Tigran"]
[Result "0-1"]
[WhiteElo "1847"]
[BlackElo "1885"]
[PlyCount "82"]
[EventDate "2012.08.13"]
[EventType "tourn"]
[EventRounds "9"]
[EventCountry "ESP"]
[EventCategory "2"]
[Source "lmi"]
[SourceDate "2012.08.13"]

1. d4 e6 2. c4 b6 3. e4 Bb4+ 4. Bd2 Bxd2+ 5. Qxd2 d6 6. Nf3 c5 7. dxc5 dxc5 8.
Qxd8+ Kxd8 9. Ne5 Ke7 10. Nc3 a6 11. Na4 Nd7 12. Nxd7 Bxd7 13. Nxb6 Ra7 14. Rd1
Nf6 15. e5 Ng4 16. Rxd7+ Rxd7 17. Nxd7 Kxd7 18. f4 Rb8 19. b3 Ne3 20. Kd2 Nf5
21. Bd3 Nd4 22. g4 h6 23. Kc3 a5 24. Rb1 g5 25. Rf1 Ke7 26. f5 Nc6 27. fxe6
fxe6 28. Rf6 Rh8 29. Bf5 exf5 30. Rxc6 fxg4 31. Rxc5 h5 32. Rxa5 h4 33. Ra7+
Ke6 34. Rg7 g3 35. h3 Kf5 36. Rf7+ Ke4 37. Rf1 g2 38. Re1+ Kf3 39. Rd1 Kg3 40.
b4 Kxh3 41. c5 Kh2 0-1

[Event "46. Villa de Mislata - Open C 2012"]
[Site "Mislata ESP"]
[Date "2012.08.16"]
[Round "5.5"]
[White "Soler Nadal, Jose Antonio"]
[Black "Gil Juan, German"]
[Result "1/2-1/2"]
[WhiteElo "1777"]
[BlackElo "1860"]
[PlyCount "77"]
[EventDate "2012.08.13"]
[EventType "tourn"]
[EventRounds "9"]
[EventCountry "ESP"]
[EventCategory "2"]
[Source "lmi"]
[SourceDate "2012.08.13"]

1. d4 Nf6 2. Bg5 Ne4 3. Bf4 c5 4. d5 d6 5. Nd2 Nf6 6. e4 a6 7. a4 g6 8. Bd3 Bg7
9. Nc4 O-O 10. a5 Nbd7 11. Qd2 b5 12. axb6 Nxb6 13. f3 Nxc4 14. Bxc4 Nd7 15. c3
Ne5 16. Bxe5 Bxe5 17. f4 Bg7 18. Nf3 Qb6 19. O-O Bd7 20. Ra2 Bb5 21. Qe2 Rfb8
22. Bxb5 Qxb5 23. Qxb5 Rxb5 24. Nd2 f5 25. exf5 gxf5 26. Nc4 Kf7 27. Rfa1 a5
28. Rxa5 Raxa5 29. Rxa5 Rxa5 30. Nxa5 e6 31. dxe6+ Kxe6 32. Kf2 d5 33. Ke3 c4
34. Nc6 h5 35. g3 Bf8 36. Nd4+ Kf6 37. Kf3 Bh6 38. Kg2 h4 39. Kf3 1/2-1/2

[Event "46. Villa de Mislata - Open C 2012"]
[Site "Mislata ESP"]
[Date "2012.08.16"]
[Round "5.6"]
[White "Cebrian Flores, Juan Antonio"]
[Black "Pallas I Garrido, Ernest Josep"]
[Result "1-0"]
[WhiteElo "1888"]
[BlackElo "1808"]
[PlyCount "47"]
[EventDate "2012.08.13"]
[EventType "tourn"]
[EventRounds "9"]
[EventCountry "ESP"]
[EventCategory "2"]
[Source "lmi"]
[SourceDate "2012.08.13"]

1. e4 e6 2. d3 d5 3. Nd2 c5 4. Ngf3 Nc6 5. g3 Bd6 6. Bg2 Qc7 7. O-O Bd7 8. Re1
Nge7 9. c3 f6 10. a3 O-O-O 11. b4 g5 12. Nb3 Ne5 13. Nxe5 fxe5 14. bxc5 Bxc5
15. Nxc5 Qxc5 16. Be3 Qa5 17. Bxg5 Rde8 18. exd5 Nxd5 19. Rxe5 Qc7 20. d4 Bc6
21. Rc1 h6 22. Bd2 Kb8 23. Bxd5 Bxd5 24. Rxd5 1-0

[Event "46. Villa de Mislata - Open C 2012"]
[Site "Mislata ESP"]
[Date "2012.08.16"]
[Round "5.7"]
[White "Moreno Vicente, Jesus Miguel"]
[Black "Aupi Royo, Juan Ignacio"]
[Result "1-0"]
[WhiteElo "1754"]
[BlackElo "1822"]
[PlyCount "59"]
[EventDate "2012.08.13"]
[EventType "tourn"]
[EventRounds "9"]
[EventCountry "ESP"]
[EventCategory "2"]
[Source "lmi"]
[SourceDate "2012.08.13"]

1. d4 Nf6 2. c4 g6 3. Nc3 d5 4. cxd5 Nxd5 5. e4 Nxc3 6. bxc3 Bg7 7. Bc4 O-O 8.
Ne2 c5 9. O-O Nc6 10. Be3 Na5 11. Qd3 cxd4 12. cxd4 Nxc4 13. Qxc4 b6 14. Rac1
Bb7 15. f3 Rc8 16. Qa4 a5 17. Rxc8 Bxc8 18. Qc4 Qd7 19. Rb1 Qa7 20. Qc6 Ba6 21.
Nf4 b5 22. Nd5 Bxd4 23. Nxe7+ Kg7 24. Bxd4+ Qxd4+ 25. Kh1 Qd3 26. Rc1 Qa3 27.
Nd5 Rc8 28. Qf6+ Kh6 29. Rg1 Bb7 30. Ne7 1-0